| 000 | 00605nam a22001817a 4500 | ||
|---|---|---|---|
| 999 |
_c178157 _d178157 |
||
| 005 | 20210318173032.0 | ||
| 010 | _aENG-129250 | ||
| 020 |
_a9789385606281 _c650.00 |
||
| 035 | _aEN-112782 | ||
| 037 | _bDBAD/PUB | ||
| 082 | _a305.420954 | ||
| 100 | _aArya, Sadhna | ||
| 245 |
_aGaining Ground: _cedited by S. Anbalagan _bthe changing contours of feminist organising in Post-1990s India/ |
||
| 260 |
_bWomen Unlimited _aNew Delhi _c2020 |
||
| 270 |
_a7/10, First Floor, Sarvapariya Vihar _bNew Delhi _e110016 |
||
| 300 |
_aviii+265p. _c22cm(pbk) |
||
| 942 |
_2ddc _cEN _h305.420954 _mARY |
||